The effectiveness of email-based exercises in promoting psychological wellbeing and healthy lifestyle: a two-year follow-up study (Record no. 300203)
[ view plain ]
| 000 -LEADER | |
|---|---|
| fixed length control field | 00796nam a2200133Ia 4500 |
| 008 - FIXED-LENGTH DATA ELEMENTS--GENERAL INFORMATION | |
| fixed length control field | 160809s9999 xx 000 0 und d |
| 100 ## - MAIN ENTRY--PERSONAL NAME | |
| Personal name | Torniainen-Holm, Minna. |
| 245 #4 - TITLE STATEMENT | |
| Title | The effectiveness of email-based exercises in promoting psychological wellbeing and healthy lifestyle: a two-year follow-up study |
| 245 ## - TITLE STATEMENT | |
| Statement of responsibility, etc | Minna Torniainen-Holm, Maiju Pankakoski, Tuomas Lehto, Osmo Saarelma, Pekka Mustonen, Kaisla Joutsenniemi and Jaana Suvisaari. |
| 260 ## - PUBLICATION, DISTRIBUTION, ETC. (IMPRINT) | |
| Name of publisher, distributor, etc | BMC Psychology |
| 260 ## - PUBLICATION, DISTRIBUTION, ETC. (IMPRINT) | |
| Date of publication, distribution, etc | 17-Mayo-16 |
| 650 ## - SUBJECT ADDED ENTRY--TOPICAL TERM | |
| General subdivision | PSYCHOLOGY |
| 856 ## - ELECTRONIC LOCATION AND ACCESS | |
| Uniform Resource Identifier | <a href="http://download.springer.com/static/pdf/177/art%253A10.1186%252Fs40359-016-0125-4.pdf?originUrl=http%3A%2F%2Fbmcpsychology.biomedcentral.com%2Farticle%2F10.1186%2Fs40359-016-0125-4&token2=exp=1469411248~acl=%2Fstatic%2Fpdf%2F177%2Fart%25253A10.1186%25252F">http://download.springer.com/static/pdf/177/art%253A10.1186%252Fs40359-016-0125-4.pdf?originUrl=http%3A%2F%2Fbmcpsychology.biomedcentral.com%2Farticle%2F10.1186%2Fs40359-016-0125-4&token2=exp=1469411248~acl=%2Fstatic%2Fpdf%2F177%2Fart%25253A10.1186%25252F</a> |
| Withdrawn status | Lost status | Damaged status | Home library | Current library | Date acquired | Total Checkouts | Date last seen | Price effective from | Koha item type |
|---|---|---|---|---|---|---|---|---|---|
| College Library | College Library | 08/09/2016 | 08/09/2016 | 08/09/2016 | Foreign e-journal articles |